Añade una Letra - Crea un País - Estadísticas

Estadísticas generales
  • Esta prueba ha sido intentada 4.449 veces
  • La puntuación promedio es 10 de 20
Estadísticas de respuestas
Palabra Letra País % Correcto
Risa U Rusia
97%
Haga N Ghana
74%
Tuna B Bután
73%
Pajo N Japón
73%
Gano B Gabón
71%
Unas D Sudán
69%
Gato N Tonga
67%
Farina C Francia
60%
Abril S Brasil
58%
Saber I Serbia
44%
Andará G Granada
41%
Quitar U Turquía
41%
Animar U Rumania
35%
Latino E Letonia
34%
Duran A Ruanda
31%
Evitan M Vietnam
30%
Asumir N Surinam
23%
Cerramos U Marruecos
21%
Tiaras U Austria
14%
Nivelase O Eslovenia
12%
No se encontraron pruebas coincidentes
Distribución de puntuación
Porcentaje de gente con cada puntuación
Porcentaje por número respondido
Historial de tus puntuaciones
No has intentado esta prueba.